00909nam a22002417a 450000500170000001000150001702000270003203500140005903700130007308200190008610000280010524500970013325000060023026000460023627000440028230000470032670000370037370000350041070000350044594200330048099900190051395201350053220240305140514.0 aENG-139536 a9788181715654c6475.00 aEN-123068 bDBAD/PUB a577.680954121 aChandra, Kailash962797 aFaunal Diversity of Biogeographic Zones of India:bNorth-East/cBy Kailash Chandra...[et.al] a1 aKolkatabZoological Survey of Indiac2021 aM-Block, New Alipore bKolkata e700053 a720p.c28cm(hbk)bIncludes Index, ill.Col. aKosygin, LaishrameAuthor962790 aRaghunathan, C.eAuthor962798 aGupta, DevanshueAuthor962799 2ddch577.6809541cENmCHAe1 c201224d201224 001040718REFaAVbAVd2024-03-05eDBADg6475.00l0o577.6809541 CHApEN-123068r2024-03-05 00:00:00t1v6475.00w2024-03-05yEN